[Event "IV Open"]
[Site "Lido Estensi ITA"]
[Date "2003.06.13"]
[Round "7"]
[White "Borgo,G"]
[Black "Plachkinova,T"]
[Result "1-0"]
[WhiteElo "2425"]
[BlackElo "2171"]

1.Nf3 Nf6 2.c4 c6 3.Nc3 d5 4.e3 e6 5.d4 Bd6 6.Bd3 dxc4 7.Bxc4 b5 8.Bd3 Nbd7
9.Bd2 Bb7 10.Rc1 O-O 11.Ne4 Nxe4 12.Bxe4 Rc8 13.b4 Qe7 14.a3 a5 15.Rb1 axb4
16.axb4 Nf6 17.Bd3 Rfd8 18.Qc2 h6 19.O-O Nd5 20.Qb2 Nb6 21.Be2 Ra8 22.Rfc1 Na4
23.Qc2 e5 24.dxe5 Bxe5 25.Nxe5 Qxe5 26.Bf3 Rd6 27.Be1 Rad8 28.Rd1 Qe6 29.Rxd6 Rxd6
30.h3 Qd7 31.Rc1 Qe6 32.Bg4 Qe5 33.Bf3 Qb2 34.Qxb2 Nxb2 35.Bc3 Nc4 36.Bd4 Nd2
37.Bd1 Bc8 38.Bc2 Be6 39.Ra1 Rd8 40.Ra3 Nc4 41.Ra6 Bd5 42.f3 Kf8 43.Ra7 Be6
44.Be4 Rc8 45.Ra6 Bd7 46.Kf2 Nd2 47.Bc2 Be6 48.Bc3 Nc4 49.Be4 Bd7 50.Ke2 Nd6
51.Bb1 Be6 52.Be5 Nc4 53.Bd4 Bd7 54.g4 g6 55.Ra7 Ke8 56.f4 h5 57.gxh5 gxh5
58.f5 Rd8 59.h4 Nd6 60.Bb6 Nc8 61.Bxd8 Nxa7 62.Bb6 Nc8 63.Bc5 Ne7 64.e4 f6
65.Kf3 Ng8 66.Ba2 Nh6 67.Bd4 Ng4 68.Kf4 Ke7 69.Bb3 Nh6 70.Bc5+ Kd8 71.Bf8 Ng4
72.Bd1 Ke8 73.Bc5 Kf7 74.Bd4 Bc8 75.Bxg4 hxg4 76.Kxg4 Bd7 77.h5 Kg7 78.h6+ Kxh6
79.Bxf6 Kh7 80.e5 Kg8 81.e6 Be8 82.Kf4 Kf8 83.Ke5 Bh5 84.Bg5 Ke8 85.f6 Bg6
86.Kd6 Bh5 87.Bh6 Bg6 88.f7+ Bxf7 89.exf7+ Kxf7 90.Kxc6  1-0

[Event "5th ZNG111 GM"]
[Site "Opatija CRO"]
[Date "2003.06.13"]
[Round "7"]
[White "Chatalbashev,B"]
[Black "Brancaleoni,M"]
[Result "1-0"]
[WhiteElo "2525"]
[BlackElo "2292"]

1.d4 Nf6 2.Nf3 d5 3.c4 e6 4.Nc3 c6 5.e3 a6 6.Ne5 c5 7.cxd5 exd5 8.Bd3 Bd6
9.O-O O-O 10.Bd2 Nc6 11.Nxc6 bxc6 12.dxc5 Bxc5 13.Ne2 Ng4 14.Bxh7+ Kh8 15.Bc2 Qh4
16.h3 Nf6 17.Bc3 Re8 18.Nf4 Rxe3 19.Bxf6 gxf6 20.fxe3 Bxe3+ 21.Kh1 Bxf4 22.Qd4 Bg5
23.Qxh4+ Bxh4 24.Bf5 Bb7 25.Rac1 Rd8 26.b4 Kg7 27.Rc3 Bg5 28.Rd1 Bf4 29.Rc4 Be5
30.Rg4+ Kf8 31.h4 Ke7 32.Kg1 Rh8 33.g3 Rh5 34.Rf1 Rh8 35.Kf2 Kf8 36.a4 Bd6
37.Rc1 Rh5 38.Bd7 a5 39.bxa5 c5 40.Rb1 Ba8 41.a6 Rh8 42.Bc8 Ke7 43.Bb7 Be5
44.h5 f5 45.Rf4 Bxf4 46.gxf4 Kd6 47.h6 Kc7 48.Bxa8 Rxa8 49.h7 c4 50.a7 c3
51.Rb8 c2 52.h8=Q c1=Q  1-0

[Event "Master Open"]
[Site "Voronezh RUS"]
[Date "2003.06.13"]
[Round "2"]
[White "Dragomarezkij,E"]
[Black "Slugin,S"]
[Result "1-0"]
[WhiteElo "2454"]
[BlackElo "2350"]

1.d4 d5 2.c4 c6 3.Nc3 Nf6 4.Nf3 e6 5.e3 Nbd7 6.Qc2 Bd6 7.b3 O-O 8.Be2 e5
9.cxd5 cxd5 10.Nb5 Bb4+ 11.Bd2 Bxd2+ 12.Nxd2 e4 13.Rc1 Nb6 14.Qc7 Qxc7 15.Rxc7 Rd8
16.f3 a6 17.Na3 Ne8 18.Rc2 exf3 19.gxf3 Bf5 20.Rc3 Rac8 21.Ndb1 Nd6 22.Kd2 Kf8
23.Rc5 Be6 24.Nc2 Nd7 25.Rxc8 Rxc8 26.Nc3 Nf6 27.Bd3 Rd8 28.Rg1 Bf5 29.Nb4 Bxd3
30.Kxd3 Nf5 31.Nc2 g6 32.a4 Ne7 33.b4 Ne8 34.b5 a5 35.b6 Rd6 36.Rb1 Nc8 37.Rb5 Nxb6
38.Rxa5 g5 39.Rb5 Nc7 40.Rc5 Na6 41.a5 Nd7 42.Rxd5 Rxd5 43.Nxd5 f5 44.e4 fxe4+
45.fxe4 Kf7 46.Ke3 h5 47.Ncb4 Nxb4 48.Nxb4 Ke6 49.Nd3 Kd6 50.Nc5 Nxc5 51.e5+  1-0

[Event "IEWCC"]
[Site "Istanbul TUR"]
[Date "2003.06.14"]
[Round "11"]
[White "Bosboom Lanchava,T"]
[Black "Makropoulou,M"]
[Result "1-0"]
[WhiteElo "2329"]
[BlackElo "2234"]

1.d4 d5 2.c4 c6 3.Nf3 Nf6 4.e3 e6 5.Nc3 Nbd7 6.Qc2 Bd6 7.e4 dxe4 8.Nxe4 Nxe4
9.Qxe4 Bb4+ 10.Bd2 Bxd2+ 11.Nxd2 Nf6 12.Qh4 O-O 13.O-O-O b5 14.c5 Qd5 15.Bd3 e5
16.Ne4 Nxe4 17.Qxe4 Qxe4 18.Bxe4 exd4 19.Bxc6 Rb8 20.Rxd4 Be6 21.b3 Rfc8
22.Rd6 Kf8 23.b4 Bxa2 24.Kb2 Bc4 25.Ra1 Rc7 26.Kc3 g6 27.Ra5 h5 28.Bf3 Re8
29.Rda6 Ree7 30.c6 h4 31.Kd4 f5 32.Bd5 Bf1 33.Kc5 Kg7 34.Kd6 Kf6 35.Ra1 Bd3
36.R1a3 Bf1 37.Re3 Rg7 38.Re6+ Kg5 39.Re8 h3 40.gxh3 Bc4 41.Rd8 Bxd5 42.Kxd5 Rce7
43.Ra2 Re1 44.Rd2 Rge7 45.Rd7 R1e5+ 46.Kd6 R7e6+ 47.Kc7 Re4 48.R2d6 Re8 49.Rd4 R4e6  1-0

[Event "IV Open"]
[Site "Lido Estensi ITA"]
[Date "2003.06.14"]
[Round "8"]
[White "Alberti,A"]
[Black "Di Lazzaro,G"]
[Result "1-0"]
[WhiteElo "2174"]
[BlackElo "1996"]

1.d4 d5 2.c4 e6 3.Nc3 c6 4.e3 Nf6 5.Nf3 Nbd7 6.Qc2 Bd6 7.Bd3 dxc4 8.Bxc4 O-O
9.O-O b5 10.Be2 a6 11.Rd1 Qc7 12.b3 Bb7 13.Bb2 c5 14.dxc5 Nxc5 15.Rac1 Rac8
16.h3 Ncd7 17.Qd2 Bb4 18.a3 Bxc3 19.Bxc3 Qb8 20.Qb2 Rfe8 21.Ne5 Nc5 22.f3 Bd5
23.Ng4 Nxg4 24.hxg4 f6 25.Bb4 Nb7 26.e4 Bc6 27.Be1 Red8 28.Bf2 Rxd1+ 29.Bxd1 Be8
30.Be2 e5 31.a4 g6 32.Rd1 Qc7 33.Rd2 Qc3 34.axb5 Qxb2 35.Rxb2 Bxb5 36.Bxb5 axb5
37.b4 Kf7 38.Ra2 Rd8 39.Ra6 Rd7 40.Rb6 Nd6 41.Bc5 Nb7 42.Rxb5 Nxc5 43.Rxc5 Ke6
44.Kf2 Rd2+ 45.Kf1 Kd6 46.Rc8 Rb2 47.Rb8 Kc7 48.Rf8 Rxb4 49.Rxf6 Kd7 50.Rf7+ Ke6
51.Rxh7 Kf6 52.Rh8 Rb2 53.Kg1 Kg5 54.Kh2 Rb6 55.Kh3 Rf6 56.Re8 Kf4 57.Kh2 g5
58.Rh8 Ke3 59.Kg3 Rg6 60.Ra8 Rg7 61.Ra3+ Kd4 62.Ra5 Rd7 63.Kf2 Rd8 64.Ra4+ Kc5
65.Ke3 Rg8 66.Ra6 Rb8 67.Rg6 Rb3+ 68.Kf2 Kd4 69.Rxg5  1-0

[Event "FSIM June"]
[Site "Budapest HUN"]
[Date "2003.06.16"]
[Round "10"]
[White "Broomfield,M"]
[Black "Porat,I"]
[Result "1/2-1/2"]
[WhiteElo "2255"]
[BlackElo "2132"]

1.Nf3 Nf6 2.c4 c6 3.Nc3 d5 4.d4 e6 5.e3 Be7 6.Bd3 dxc4 7.Bxc4 c5 8.O-O cxd4
9.Qxd4 Qxd4 10.Nxd4 Bd7 11.Rd1 Nc6 12.Nxc6 Bxc6 13.f3 O-O 14.e4 Rfd8 15.Be3  1/2-1/2

[Event "Master Open"]
[Site "Voronezh RUS"]
[Date "2003.06.20"]
[Round "8"]
[White "Dragomarezkij,E"]
[Black "Ermolaev,A"]
[Result "0-1"]
[WhiteElo "2454"]
[BlackElo "2372"]

1.d4 d5 2.c4 c6 3.Nc3 Nf6 4.Nf3 e6 5.e3 Nbd7 6.Qc2 Bd6 7.b3 O-O 8.Be2 dxc4
9.bxc4 e5 10.O-O Re8 11.a4 Qe7 12.a5 a6 13.Re1 e4 14.Nd2 c5 15.Nf1 Nf8 16.Ng3 Bd7
17.Rb1 Rab8 18.Rd1 Ng6 19.Ba3 cxd4 20.Bxd6 Qxd6 21.exd4 e3 22.f3 Nf4 23.Rb6 Qa3
24.Rdb1 Qxa5 25.Kh1 Qg5 26.Nce4 Nxe4 27.fxe4 h5 28.Bf3 Bg4 29.Rg1 Nh3 30.Rf1 Nf2+
31.Rxf2 exf2 32.Qxf2 Qc1+ 33.Qf1 Qe3 34.Rd6 Rbd8 35.Rxd8 Rxd8 36.d5 b5 37.h3 bxc4
38.Nf5 Qf4 39.Kg1 c3 40.Qc4 Qd2  0-1

[Event "Master Open"]
[Site "Voronezh RUS"]
[Date "2003.06.20"]
[Round "8"]
[White "Trofimov,SP"]
[Black "Rodin,M"]
[Result "0-1"]
[WhiteElo "2254"]
[BlackElo "2377"]

1.d4 d5 2.c4 c6 3.Nf3 Nf6 4.Nc3 e6 5.e3 Nbd7 6.Bd3 Bd6 7.Qc2 O-O 8.O-O dxc4
9.Bxc4 b5 10.Bd3 Bb7 11.a3 Qe7 12.Rb1 a5 13.Nd2 b4 14.axb4 axb4 15.Nce4 c5
16.dxc5 Nxc5 17.Nxc5 Bxc5 18.Nb3 Bd6 19.Qe2 Rfd8 20.Rd1 Ne4 21.f3 Bxh2+ 22.Kxh2 Qh4+
23.Kg1 Ng3 24.Qc2 Bxf3  0-1

[Event "zt 3.2a"]
[Site "Ho Chi Minh City VIE"]
[Date "2003.06.21"]
[Round "1"]
[White "Bui Vinh"]
[Black "Duong The Anh"]
[Result "0-1"]
[WhiteElo "2461"]
[BlackElo "2243"]

1.d4 d5 2.c4 c6 3.Nc3 Nf6 4.e3 e6 5.Nf3 Nbd7 6.Qc2 Bd6 7.Be2 O-O 8.O-O dxc4
9.Bxc4 b5 10.Be2 Bb7 11.Rd1 Qc7 12.a3 a5 13.e4 e5 14.h3 Rfe8 15.dxe5 Nxe5
16.Bg5 Nfd7 17.Rac1 Qb8 18.Nd4 b4 19.Nb1 Bf8 20.Be3 c5 21.Nb5 a4 22.axb4 Bc6
23.N5c3 cxb4 24.Nd5 a3 25.b3 Rc8 26.Qa2 Qb7 27.f4 Ng6 28.Bc4 Ne7 29.Nxe7+ Bxe7
30.e5 Nb6 31.Bxb6 Qxb6+ 32.Kh2 Rd8 33.Rxd8+ Rxd8 34.Rf1 Qe3 35.g3 h5 36.h4 Bc5
37.Kh3 Bd4 38.Rd1 Bf3 39.Rf1 Bb2  0-1

[Event "TCh-BIH"]
[Site "Jahorina BIH"]
[Date "2003.06.21"]
[Round "1"]
[White "Drasko,M"]
[Black "Scekic,M"]
[Result "0-1"]
[WhiteElo "2491"]
[BlackElo "2435"]

1.d4 d5 2.c4 c6 3.e3 Nf6 4.Nc3 e6 5.Nf3 Nbd7 6.Qc2 b6 7.cxd5 exd5 8.Bd3 Bb7
9.O-O Be7 10.Rb1 O-O 11.b4 a5 12.bxa5 Rxa5 13.a4 Ba6 14.Bxa6 Rxa6 15.Bd2 Qa8
16.Rfc1 Ba3 17.Rd1 Bd6 18.Be1 Rc8 19.Nd2 Bf8 20.f3 c5 21.Nf1 cxd4 22.exd4 Ra7
23.Ne3 g6 24.Qb3 Ra5 25.Ra1 Bh6 26.Nc2 Qc6 27.Na3 Raa8 28.Nab5 Qc4 29.Qb2 Rc6
30.Na3 Be3+  0-1

[Event "IM"]
[Site "Elancourt FRA"]
[Date "2003.06.22"]
[Round "2"]
[White "Verat,L"]
[Black "Grimberg,G"]
[Result "1/2-1/2"]
[WhiteElo "2357"]
[BlackElo "2340"]

1.d4 d5 2.c4 c6 3.Nf3 e6 4.Nc3 Nf6 5.e3 Nbd7 6.Bd3 dxc4 7.Bxc4 b5 8.Bd3 Bb7
9.a3 b4 10.Ne4 Nxe4 11.Bxe4 bxa3 12.bxa3 Bd6 13.Nd2 Qc7 14.Nc4 Be7 15.O-O O-O
16.Rb1 Rab8 17.Qa4 Nb6 18.Qa5 Ba8 19.Qh5 g6 20.Qe5 Qxe5 21.Nxe5 Rfc8 22.a4 f6
23.Nd3 Nc4 24.Nc5 Bxc5 25.dxc5 Rxb1 26.Bxb1 Bb7 27.Rd1 Ba6 28.Rd7 Rb8  1/2-1/2

[Event "TCh-BIH"]
[Site "Jahorina BIH"]
[Date "2003.06.22"]
[Round "3"]
[White "Jankovic,A"]
[Black "Kosic,D"]
[Result "0-1"]
[WhiteElo "2359"]
[BlackElo "2502"]

1.d4 d5 2.c4 e6 3.Nc3 c6 4.e3 Nf6 5.Nf3 Nbd7 6.Qc2 Bd6 7.Bd3 O-O 8.O-O dxc4
9.Bxc4 a6 10.Rd1 Qc7 11.h3 h6 12.e4 e5 13.Bf1 Re8 14.Be3 exd4 15.Bxd4 b5
16.Qd3 Nc5 17.Bxc5 Bxc5 18.e5 Nd7 19.Ne4 Nxe5 20.Nxe5 Qxe5 21.Nxc5 Qxc5 22.Rac1 Qb4
23.b3 Bb7 24.g3 c5 25.Bg2 Bxg2 26.Kxg2 Rac8 27.Qf3 Re6 28.Rd5 c4 29.Rd7 Rf6
30.Qd5 Re8 31.bxc4 Qb2 32.Rf1 Re2 33.Qa8+ Kh7 34.Qa7 Qc3 35.cxb5 Qf3+ 36.Kg1 axb5
37.Qb7 Rxa2 38.Qxf3 Rxf3 39.Kg2 Rf6 40.Rd3 Rb2 41.Rf3 Kg6 42.Rxf6+ Kxf6 43.Rc1 b4
44.Rc7 b3 45.Rb7 g6 46.g4 Rb1 47.h4 Ke6 48.h5 gxh5 49.gxh5 f6 50.Rb6+ Ke5
51.Kf3 Kf5 52.Rb5+ Ke6 53.Rb6+ Ke5 54.Ke2 Kf5 55.Kf3 Kg5 56.Rb5+ f5 57.Kg3 b2
58.Kg2 Kg4 59.Kh2 f4 60.Kg2 f3+ 61.Kh2 Kh4 62.Rb4+ Kxh5 63.Rh4+ Kg5 64.Rg4+ Kf5
65.Rb4 Ke5 66.Rb8 Kd4 67.Rb3 Kc4 68.Rb8  0-1

[Event "2nd It"]
[Site "Grenoble FRA"]
[Date "2003.06.23"]
[Round "4"]
[White "Foisor,O"]
[Black "Delabaca,R"]
[Result "1-0"]
[WhiteElo "2426"]
[BlackElo "2166"]

1.Nf3 Nf6 2.c4 c6 3.Nc3 d5 4.e3 e6 5.d4 Nbd7 6.Qc2 Bd6 7.b3 O-O 8.Be2 Qe7
9.O-O e5 10.cxd5 Nxd5 11.Nxd5 cxd5 12.dxe5 Nxe5 13.Bb2 Nc6 14.Rad1 Be6 15.Qb1 Rfd8
16.Bd3 h6 17.Qa1 f6 18.Qb1 Bf7 19.Nh4 Be5 20.Nf5 Qc7 21.f4 Bxb2 22.Qxb2 Bh5
23.Rc1 Re8 24.Rfe1 Qb6 25.Qf2 Ne7 26.Nd4 Bg6 27.Bxg6 Nxg6 28.Qg3 Kh7 29.f5 Ne5
30.Ne6 Re7 31.Red1 Qa5 32.Rc2 Rg8 33.Rcd2 Qa3 34.Nf4 d4 35.exd4 Nf7 36.Ne6 Nd6
37.Qg6+ Kh8 38.Re2 Qa6 39.Ng5  1-0

[Event "zt 3.2a"]
[Site "Ho Chi Minh City VIE"]
[Date "2003.06.23"]
[Round "3"]
[White "Le Quang Liem"]
[Black "Villamayor,B"]
[Result "1-0"]
[WhiteElo "2202"]
[BlackElo "2484"]

1.d4 Nf6 2.Nf3 e6 3.c4 d5 4.Nc3 c6 5.e3 Nbd7 6.Qc2 b6 7.b3 Bb7 8.Be2 Rc8
9.O-O Be7 10.Bb2 O-O 11.Rad1 Qc7 12.Qb1 Rfd8 13.h3 Qb8 14.a3 c5 15.dxc5 dxc4
16.c6 Bxc6 17.Bxc4 Qb7 18.Be2 b5 19.b4 a6 20.Na2 Be4 21.Qa1 Rc2 22.Bd3 Bxd3
23.Rxd3 Nb6 24.Rxd8+ Bxd8 25.Nc3 Nbd5 26.Ne1 Rxc3 27.Bxc3 Ne4 28.Bxg7 Nd2
29.e4 Nxe4 30.Bh6 Bf6 31.Qd1 Ndc3 32.Qg4+ Kh8 33.Nd3 Qd5 34.Nf4 Qc4 35.Nh5 Ne2+
36.Kh2 Be5+ 37.f4 f5 38.fxe5  1-0

[Event "TCh-BIH"]
[Site "Jahorina BIH"]
[Date "2003.06.23"]
[Round "4"]
[White "Kasimdzhanov,R"]
[Black "Ilincic,Z"]
[Result "1/2-1/2"]
[WhiteElo "2680"]
[BlackElo "2557"]

1.Nf3 Nf6 2.c4 e6 3.Nc3 d5 4.d4 c6 5.e3 Be7 6.Bd3 O-O 7.O-O Nbd7 8.b3 b6
9.Bb2 Bb7 10.Rc1 g6 11.Qe2 Nh5 12.Rfd1 f5 13.cxd5 exd5 14.Ba6 Qb8 15.Rc2 b5
16.Bxb7 Qxb7 17.Rdc1 Rac8 18.Qd3 Ng7 19.Ne2 b4 20.Nf4 a5 21.h4 Kf7 22.Qd1 Ne6
23.Nd3 Bd6 24.Ra1 Kg8 25.a3 h5 26.Qc1 Kh7 27.axb4 axb4 28.Ra5 Rfe8 29.g3 Rf8
30.Nf4 Bxf4 31.exf4 Rfe8 32.Qa1 Ra8 33.Rxa8 Rxa8 34.Qe1 Re8 35.Re2 Ndf8 36.Bc1 Kg8
37.Bd2 c5 38.dxc5 d4 39.c6 Qxc6 40.Ne5 Qd5 41.Nc4 Qf3 42.Ne5 Qxb3 43.Bxb4 Rb8
44.Bxf8 Nxf8 45.Kh2 Qc3 46.Qd1 Rb2 47.Rxb2 Qxb2 48.Qf3 Kg7 49.Kg2 Qb1 50.Qa3 Qb7+
51.Kf1 Nh7 52.Qd6 Nf6 53.Qxd4 Qh1+ 54.Ke2 Qb7 55.Nf3 Qb5+ 56.Qd3 Qb2+ 57.Kf1 Qc1+
58.Kg2 Qc6 59.Kg1 Qc1+ 60.Qf1 Qc2 61.Qa1 Qc7 62.Ng5 Qe7 63.Qe5 Qd7 64.Ne6+ Kf7
65.Ng5+ Kg7 66.Qa1 Qe7 67.Qd4 Qe1+ 68.Kg2 Qe7 69.Kf1 Qa3 70.Qe5 Qd3+ 71.Kg2 Qd7
72.Ne6+ Kf7 73.Ng5+ Kg7 74.Qd4 Qe7 75.Kf1 Qa3 76.Ne6+ Kf7 77.Nc5 Qa8 78.Nd3 Kg7
79.Kg1 Qb7 80.Nc5 Qc6 81.Nd3 Qb7 82.Nc5 Qc6 83.Qe5 Kf7 84.Nd3 Qd7 85.Qc3 Kg7
86.Qc4 Qe7 87.Ne5 Qb7 88.Qc6 Qe7 89.Kg2 Kh7 90.Nf3 Kg7 91.Nd4 Kf7 92.Qc4+ Kg7
93.Qc7 Qxc7 94.Ne6+ Kf7 95.Nxc7 Ke7 96.Nb5 Nd5 97.Nd4 Kd6 98.Nf3 Ne7 99.Ne5 Kd5
100.Kf3 Kd4 101.Ke2 Kc3 102.Ke3 Nd5+ 103.Kf3 Ne7 104.Ke2 Kc2 105.Nf3 Kc3
106.Kd1 Nc6 107.Ne5 Ne7 108.Kc1 Kd4 109.Kd2 Kd5 110.Kd3 Kc5 111.Nd7+ Kd6
112.Nf8 Kc5 113.Kc3 Nd5+ 114.Kd3 Ne7 115.f3 Kd5 116.Ke3 Kc5 117.Kf2 Kd5 118.g4 Kd6
119.Kg3 Kd5 120.Kf2 Kd6 121.g5 Kd5 122.Nd7 Kd4 123.Ne5 Kc3 124.Ke1 Kd4 125.Kd2 Kd5
126.Kc3 Kc5 127.Kd3 Kd5 128.Kc2 Kd4 129.Kd2 Kd5 130.Kd3 Kc5 131.Nd7+ Kd6
132.Nf8 Kc5 133.Nd7+ Kd6 134.Nf8 Kc5 135.Nd7+  1/2-1/2

[Event "2nd It"]
[Site "Grenoble FRA"]
[Date "2003.06.24"]
[Round "5"]
[White "Foisor,C"]
[Black "Todorov,T"]
[Result "1/2-1/2"]
[WhiteElo "2395"]
[BlackElo "2470"]

1.d4 Nf6 2.c4 c6 3.Nc3 d5 4.e3 e6 5.Nf3 Be7 6.Qc2 Nbd7 7.Bd3 dxc4 8.Bxc4 b5
9.Be2 Bb7 10.O-O O-O 11.Rd1 Qb8 12.a3 Rc8 13.Qb1 a6 14.b4 a5 15.Na2 axb4
16.Nxb4 c5  1/2-1/2

[Event "zt 3.2a"]
[Site "Ho Chi Minh City VIE"]
[Date "2003.06.24"]
[Round "5"]
[White "Sitanggang,S"]
[Black "Villamayor,B"]
[Result "1-0"]
[WhiteElo "2397"]
[BlackElo "2484"]

1.d4 Nf6 2.Nf3 e6 3.c4 d5 4.Nc3 c6 5.e3 Nbd7 6.Qc2 Bd6 7.Bd3 O-O 8.O-O dxc4
9.Bxc4 b5 10.Bd3 Bb7 11.h3 h6 12.e4 e5 13.dxe5 Nxe5 14.Nxe5 Bxe5 15.Be3 Re8
16.Rad1 Qe7 17.Ne2 Bc7 18.f3 Bb6 19.Bf2 Bxf2+ 20.Rxf2 a6 21.a4 Qb4 22.Nc3 Rad8
23.Bf1 Rxd1 24.Qxd1 Qc5 25.Qc2 Nh5 26.Nd1 Qd4 27.axb5 axb5 28.Qd2 Qf6 29.Qe3 g5
30.Rd2 Rd8 31.Nf2 Rxd2 32.Qxd2 Bc8 33.e5 Qe7 34.Qc3 Bd7 35.Ne4 Nf4 36.Nf6+ Kf8
37.h4 Ng6 38.h5 Nf4 39.Qd4 Be8 40.Qd6 Nd5  1-0

[Event "zt 3.2a"]
[Site "Ho Chi Minh City VIE"]
[Date "2003.06.29"]
[Round "9"]
[White "Villamayor,B"]
[Black "Pham Chuong"]
[Result "1/2-1/2"]
[WhiteElo "2484"]
[BlackElo "2225"]

1.Nf3 d5 2.c4 c6 3.e3 Nf6 4.Nc3 e6 5.d4 Nbd7 6.Qc2 a6 7.e4 dxe4 8.Nxe4 Nxe4
9.Qxe4 Nf6 10.Qc2 c5 11.dxc5 Bxc5 12.Bd3 Bd7 13.O-O O-O 14.Bg5 h6 15.Bh4 Bc6
16.Rad1 Qc7 17.Bxf6 Bxf3 18.gxf3 gxf6 19.Qd2 Qe5 20.Qxh6 Qg5+ 21.Qxg5+ fxg5
22.Be4 Rab8 23.Rd7 b6 24.Rfd1 Kg7 25.Kg2 Kf6 26.Ra7 a5 27.Rdd7 Rbd8 28.a3 Ke5
29.h3 f5 30.Bc6 Bd4 31.b4 Rxd7 32.Rxd7 axb4 33.axb4 Rc8 34.b5 Rh8 35.Rg7 Kf6
36.Rd7 Rh4 37.Rd8 Bc5 38.Rd2 Rxc4 39.Re2 Rd4 40.Kf1 Ke7 41.Kg2 Kd6 42.Kf1 Ra4
43.Kg2 Bd4 44.Kf1 Ra7 45.Kg2 Re7 46.Rd2 Kc5 47.Rc2+ Kb4 48.Re2 Ra7 49.Kg3 e5
50.h4 gxh4+ 51.Kxh4 Rg7 52.Kh3 Kc4 53.Ra2 Kd3 54.Kh2 Bc5 55.Bd5 e4 56.fxe4 fxe4
57.Rb2 Kd4 58.Rd2+ Ke5 59.Bc6 Kf4 60.Re2 Re7 61.Kg2 Kf5 62.Kf1 Bd4 63.Kg2 Kf4  1/2-1/2

[Event "zt 3.2a"]
[Site "Ho Chi Minh City VIE"]
[Date "2003.06.29"]
[Round "9"]
[White "Ngo,N"]
[Black "Duong The Anh"]
[Result "1/2-1/2"]
[WhiteElo "2325"]
[BlackElo "2243"]

1.d4 d5 2.Nf3 Nf6 3.c4 c6 4.Nc3 e6 5.e3 Nbd7 6.Qc2 Bd6 7.g4 Nxg4 8.Rg1 Qf6
9.Rxg4 Qxf3 10.Rxg7 Nf8 11.Rg1 Ng6 12.Bd2 Bd7 13.Be2 Qf6 14.O-O-O Qxf2 15.Rdf1 Qxh2
16.Rh1 Qg3 17.Kb1 Be7 18.e4 Qc7 19.exd5 cxd5 20.cxd5 exd5 21.Bd3 Be6 22.Qa4+ Bd7
23.Qb3 Qd6 24.Rh5 Bc6 25.Nxd5 O-O-O 26.Nb4 Kb8 27.Rc1 Rc8 28.Rhc5 Bd7 29.Na6+ Ka8
30.Nc7+ Kb8 31.Na6+ Ka8 32.Nc7+ Kb8 33.Nd5 Qe6 34.R5c4 Rxc4 35.Bxc4 Qe4+
36.Bd3 Qg2 37.Ba5 Rc8 38.Bc7+ Ka8 39.a3 Bg5 40.Rc2 Qg1+ 41.Ka2 Qxd4 42.Bc4 Bc6
43.Bd6 Ne5 44.Nc7+ Rxc7 45.Bxc7 Nxc4 46.Rxc4 Qd7 47.Rxc6 Qxc6 48.Qxf7 b6
49.Qg8+ Kb7 50.Qb8+ Ka6 51.Qc8+ Qb7 52.Qd7 Qe4 53.Qc8+ Qb7 54.Qd7 Qe4  1/2-1/2

[Event "White Nights"]
[Site "St Petersburg RUS"]
[Date "2003.06.30"]
[Round "2"]
[White "Gavrilov,Al1"]
[Black "Utnasunov,A"]
[Result "1/2-1/2"]
[WhiteElo "2450"]
[BlackElo "2316"]

1.d4 d5 2.c4 c6 3.e3 Nf6 4.Nc3 e6 5.Nf3 Nbd7 6.Bd3 dxc4 7.Bxc4 b5 8.Bd3 Bb7
9.Ne4 Nxe4 10.Bxe4 Rb8 11.O-O Bd6 12.b3 O-O 13.Bb2 Nf6 14.Bd3 c5 15.dxc5 Bxc5
16.Rc1 Be7 17.Be5 Rc8 18.Rxc8 Qxc8 19.Bxb5 Qc5 20.Bxf6 Bxf6 21.Be2 Rd8 22.Qb1 Qb4
23.Rd1 Rxd1+ 24.Qxd1 Bxf3 25.Bxf3 g6 26.g3 Qa3 27.Qc2 a5 28.Kf1 Kf8 29.Ke2 Ke7
30.Be4 Qb2 31.Qxb2 Bxb2 32.Kd3 Kd6 33.Kc4 h6 34.Bg2 g5 35.h3 Ba3 36.f4 gxf4
37.exf4 Bb4 38.Kb5 f5 39.g4 e5 40.gxf5 exf4 41.a3 Bxa3 42.Kxa5 Ke5 43.Kb5  1/2-1/2

[Event "31st World Open"]
[Site "Philadelphia USA"]
[Date "2003.07.01"]
[Round "2"]
[White "Zaremba,An"]
[Black "Kleiman,J"]
[Result "1-0"]
[WhiteElo "2342"]
[BlackElo "2197"]

1.d4 d5 2.Nf3 c6 3.c4 Nf6 4.Nc3 e6 5.e3 Nbd7 6.Qc2 Bd6 7.Bd3 dxc4 8.Bxc4 O-O
9.O-O b5 10.Be2 Bb7 11.e4 e5 12.Bg5 exd4 13.Nxd4 b4 14.Nf5 Bxh2+ 15.Kxh2 Ng4+
16.Bxg4 Qxg5 17.Be2 bxc3 18.Qxc3 Rfe8 19.f4 Qg6 20.Rf3 Rxe4 21.Rg3 Qf6 22.Rxg7+ Kh8
23.Qh3 Nf8 24.Rxf7 Qxb2 25.Rb1 Qd2 26.Rbxb7 Qxf4+ 27.Ng3  1-0

[Event "White Nights"]
[Site "St Petersburg RUS"]
[Date "2003.07.02"]
[Round "4"]
[White "Sergeev,Ve"]
[Black "Utnasunov,A"]
[Result "1-0"]
[WhiteElo "2426"]
[BlackElo "2316"]

1.d4 d5 2.c4 c6 3.Nc3 Nf6 4.Nf3 e6 5.e3 Nbd7 6.Qc2 Bd6 7.b3 O-O 8.Be2 Qe7
9.O-O dxc4 10.bxc4 e5 11.a4 Re8 12.Rd1 e4 13.Nd2 Nf8 14.Qa2 Ng4 15.Nf1 Qh4
16.g3 Qf6 17.Nxe4 Rxe4 18.f3 h5 19.fxe4 Qf2+ 20.Kh1 Nf6 21.Bxh5 Qxa2 22.Rxa2 Nxh5
23.Ba3 Bc7 24.Kg2 Nf6 25.Nd2 b6 26.e5 N6d7 27.Bd6 Bxd6 28.exd6 Bb7 29.a5 b5
30.a6 Bc8 31.cxb5 cxb5 32.e4 Nb6 33.Rc1 Be6 34.Rac2 Bc4 35.Nxc4 Nxc4 36.Rxc4 bxc4
37.Rxc4 Rd8 38.e5 f6 39.Rc7 fxe5 40.dxe5 Ng6 41.Rxa7 Nxe5 42.Rb7 Kf8 43.a7 Nc6
44.d7 Ke7 45.Rc7 Nxa7 46.Rxa7 Rxd7 47.Rxd7+ Kxd7 48.Kf3 Ke6 49.Kg4 Kf6 50.Kh5 Kf5
51.h4 Kf6 52.g4 Kf7 53.Kg5 Kg8 54.Kg6 Kh8 55.h5 Kg8 56.g5 Kh8 57.Kf7  1-0

[Event "ch-NED w"]
[Site "Leeuwarden NED"]
[Date "2003.07.03"]
[Round "8"]
[White "Bosboom Lanchava,T"]
[Black "Bensdorp,L"]
[Result "1/2-1/2"]
[WhiteElo "2329"]
[BlackElo "2063"]

1.d4 d5 2.Nf3 c6 3.c4 e6 4.e3 Nf6 5.Nc3 Nbd7 6.Qc2 Bd6 7.e4 dxe4 8.Nxe4 Nxe4
9.Qxe4 c5 10.Bg5 Be7 11.Bxe7 Qa5+ 12.Nd2 Kxe7 13.d5 Nf6 14.Qe5 Rd8 15.O-O-O Kf8
16.d6 Qxa2 17.Bd3 Bd7 18.Ne4 Nxe4 19.Qxe4 g6 20.Qe5 Kg8 21.h4 f6 22.Qe2 e5
23.h5 Qa1+ 24.Kc2 Ba4+ 25.Kc3 Bxd1 26.Rxd1 Qa5+ 27.Kc2 Rxd6 28.hxg6 Qa4+
29.Kc1 hxg6 30.Qe4 Qe8 31.Rh1 Rad8 32.Qh4 Rxd3 33.Qxf6 Rd1+ 34.Rxd1 Rxd1+
35.Kxd1 Qa4+ 36.Kd2 Qb4+ 37.Kd1 Qb3+ 38.Ke1 Qb4+ 39.Kd1 Qb3+  1/2-1/2

[Event "1st Stage Russian Cup"]
[Site "Tomsk RUS"]
[Date "2003.07.04"]
[Round "1"]
[White "Ivanov,T"]
[Black "Demakov,P"]
[Result "1/2-1/2"]
[WhiteElo "2454"]
[BlackElo "2196"]

1.Nf3 d5 2.d4 Nf6 3.c4 c6 4.Nc3 e6 5.e3 Nbd7 6.Qc2 Bd6 7.Bd2 Qe7 8.Be2 O-O
9.O-O dxc4 10.Bxc4 e5 11.h3 h6 12.Nh4 Nb6 13.Ng6 Qd8 14.Bb3 Re8 15.dxe5 Bxe5
16.Nxe5 Rxe5 17.e4 Be6 18.Bf4 Bxb3 19.Qxb3 Re6 20.Rad1 Qe7 21.f3 Qc5+ 22.Kh1 a5
23.Ne2 a4 24.Qc3 Qxc3 25.bxc3 Nc4 26.Nd4 Re7 27.Nf5 Rd7 28.Rxd7 Nxd7 29.Rb1 Nc5
30.Ne3 Na3 31.Rd1 Ne6 32.Bg3 Nb5 33.Be1 Rd8 34.Rxd8+ Nxd8 35.Kg1 Ne6 36.Kf1 Kf8
37.Ke2 Ke8 38.g3 Nc5 39.Kd2 Kd7 40.Bf2 Ne6 41.h4 Nd6 42.h5 Ng5 43.Ke2 Nb5
44.Be1 Nd6 45.g4 Ke6 46.Bh4 b5 47.Bg3 g6  1/2-1/2

[Event "1st Stage Russian Cup"]
[Site "Tomsk RUS"]
[Date "2003.07.04"]
[Round "1"]
[White "Nigametzianov,M"]
[Black "Sudarikov,K"]
[Result "1-0"]
[WhiteElo "2269"]
[BlackElo "2202"]

1.d4 d5 2.c4 c6 3.Nf3 Nf6 4.Nc3 e6 5.e3 Nbd7 6.Bd3 dxc4 7.Bxc4 b5 8.Bd3 a6
9.e4 c5 10.e5 cxd4 11.Nxb5 axb5 12.exf6 gxf6 13.Be4 Ra6 14.Qxd4 Rd6 15.Qe3 Nc5
16.O-O Nxe4 17.Qxe4 Bd7 18.Nd4 Rg8 19.f3 Rd5 20.Qxh7 Rg7 21.Qh4 f5 22.Qxd8+ Kxd8
23.Nb3 Bc6 24.Bh6 Rg8 25.Bxf8 Rxf8 26.Rac1 Kd7 27.Rf2 Ra8 28.Rfc2 Rd6 29.a3 Kc7
30.Nd4 Rxd4 31.Rxc6+ Kd8 32.Rb6 Rd5 33.Rb7 Ke8 34.Rcc7 Rd1+ 35.Kf2 Rd2+ 36.Kg3 f4+
37.Kh4 Rxb2 38.Rxf7  1-0

[Event "32nd TCh-GRE"]
[Site "Kallithea Chalkidiki GRE"]
[Date "2003.07.05"]
[Round "2"]
[White "Logothetis,S"]
[Black "Koumanis,S"]
[Result "1/2-1/2"]
[WhiteElo "2255"]
[BlackElo "2157"]

1.d4 Nf6 2.c4 e6 3.Nf3 d5 4.Nc3 c6 5.e3 Bd6 6.Bd3 Nbd7 7.e4 dxe4 8.Nxe4 Nxe4
9.Bxe4 e5 10.O-O O-O 11.dxe5 Nxe5 12.Nxe5 Bxe5 13.Bxh7+ Kxh7 14.Qh5+ Kg8
15.Qxe5 Re8 16.Qc3 Bf5 17.Be3 Qd3 18.Qxd3 Bxd3 19.Rfc1 b6 20.a4 c5 21.a5 Rab8
22.a6 Rbd8 23.h3 Rd7 24.g4 Red8 25.Kh2 f6 26.Rc3 Kf7 27.Rg1 g5 28.Kg3 Be4
29.h4 gxh4+ 30.Kxh4 Rd1 31.Rc1 Rxg1 32.Rxg1 Bf3 33.Ra1 Be2 34.Rc1 Rg8 35.g5 fxg5+
36.Bxg5 Kg6 37.f4 Kf5 38.Re1 Bxc4 39.Re5+ Kg6 40.f5+ Kh7 41.Re7+ Rg7 42.f6 Rf7
43.Rxf7+ Bxf7 44.Bf4 Kg6 45.Bb8 Kxf6 46.Bxa7 Bc4 47.Bxb6 Bxa6 48.Bxc5  1/2-1/2

[Event "Andorra"]
[Site "Andorra la Vella AND"]
[Date "2003.07.06"]
[Round "2"]
[White "Psakhis,L"]
[Black "Martin Perez,J"]
[Result "1-0"]
[WhiteElo "2550"]
[BlackElo "2251"]

1.c4 c6 2.d4 d5 3.Nc3 Nf6 4.e3 e6 5.Nf3 Nbd7 6.Qc2 Bd6 7.Bd3 dxc4 8.Bxc4 Qe7
9.O-O O-O 10.Rd1 e5 11.h3 a6 12.a3 Bc7 13.Ba2 exd4 14.exd4 Nb6 15.Bg5 Qd6
16.Bh4 Nbd5 17.Bg3 Nf4 18.Ne2 Bf5 19.Qd2 Nxe2+ 20.Qxe2 Qd8 21.Bxc7 Qxc7 22.Qe5 Qd7
23.d5 cxd5 24.Bxd5 Rae8 25.Bxf7+ Rxf7 26.Rxd7 Bxd7 27.Qd4 Rfe7 28.Qb6 Bc6
29.Nd4 Bd5 30.Nf5 Rd7 31.Rd1 Re6 32.Qc5 b6 33.Qc8+ Kf7 34.Ne3 Rc6 35.Qxa6 Be4
36.Rxd7+ Nxd7 37.Qb5 Ke7 38.Qg5+ Kf8 39.Nf5 Bxf5 40.Qxf5+ Nf6 41.Qb5 Rd6
42.b4  1-0

[Event "26th Open"]
[Site "Barbera del Valles ESP"]
[Date "2003.07.06"]
[Round "1"]
[White "Moskalenko,V"]
[Black "Pinol Fulgoni,F"]
[Result "1-0"]
[WhiteElo "2520"]
[BlackElo "2210"]

1.d4 d5 2.c4 c6 3.Nf3 Nf6 4.Nc3 e6 5.e3 Nbd7 6.Bd3 dxc4 7.Bxc4 b5 8.Bb3 b4
9.Ne2 Bd6 10.e4 Nxe4 11.Qc2 Nef6 12.Qxc6 Qb6 13.Qxa8 O-O 14.Ne5 Bb7 15.Nc4 Qa6
16.Qxb7 Qxb7 17.Nxd6 Qxg2 18.Rg1 Qxh2 19.Bf4 Qh5 20.Kd2 Rd8 21.Rg5 Qf3 22.Rag1 g6
23.R1g3 Ne4+ 24.Nxe4 Qxe4 25.Rd3 Kg7 26.f3 Qb7 27.Rg1 Qa6 28.Rc1 Rc8 29.Rd1 Qb5
30.Ng3 a5 31.Ne4 Qh5 32.Ke3 Nb6 33.Be5+ Kf8 34.R3d2 g5 35.Rh2 Qg6 36.Rg1 h6
37.Rgh1  1-0